[Event "Panchenko Memorial-A 2021"]
[Site "Chelyabinsk"]
[Date "2021.09.16"]
[Round "4.6"]
[White "Volkov, Sergey"]
[Black "Urazayev, Arystanbek"]
[Result "1-0"]
[WhiteElo "2534"]
[BlackElo "2453"]
[Annotator "TA"]
[PlyCount "181"]
[EventDate "2021.09.13"]
[EventType "swiss"]
[EventCountry "RUS"]
[SourceTitle "playchess.com"]
[Source "ChessBase"]
[SourceQuality "1"]

{[%evp 12,181,13,0,26,17,28,14,22,18,20,13,33,32,25,31,31,32,38,0,10,9,16,0,0,0,0,0,0,0,0,0,0,2,28,35,29,46,31,35,32,43,33,39,50,46,77,79,107,108,106,108,145,145,172,180,207,188,196,197,191,183,163,145,154,161,156,173,213,209,209,168,206,209,208,207,200,200,209,213,202,128,213,171,213,179,263,225,216,121,121,121,121,121,121,128,129,121,121,121,121,96,96,96,121,121,121,121,121,101,101,96,121,96,96,96,96,101,116,116,122,96,96,96,96,96,122,0,120,96,121,121,5150,5286,4594,4710,29968,29969,29965,12803,29966,29967,29967,29967,4535,2608,29972,29974,29972,29974,29974,29976,29976,29977,29977,29978,29977,29976,29976,29975,29982,29983,29983,29984,29986,29987,29995,29989,29989,29990,29995,29996]} 1. d4 Nf6 2. c4 e6 3. Nf3 d5 4. Nc3 Nbd7 5. cxd5 exd5 6. Bf4 c6 7. h3 Bb4 {D35: Queen's Gambit Declined: Exchange Variation.} 8. Qb3 Qe7 9. a3 {[#]} Bd6 $146 {The position is equal.} ({Predecessor:} 9... Bxc3+ 10. Qxc3 Ne4 11. Qc2 O-O 12. e3 c5 13. Bd3 b6 14. Ne5 Nxe5 15. dxe5 Bf5 {0-1 (26) Zhu,C (2503)-Spassky,B (2549) Marbella 1999}) 10. Bxd6 Qxd6 11. Qb4 Ke7 12. e3 a5 13. Qxd6+ Kxd6 14. Bd3 b6 15. O-O-O Ba6 16. Bxa6 Rxa6 17. Rhe1 Raa8 18. Ng5 Rhf8 19. e4 dxe4 20. Ncxe4+ Nxe4 21. Nxe4+ Kc7 22. d5 cxd5 23. Rxd5 Rae8 {[#] ...Nc5! is the strong threat.} 24. Red1 $1 Rxe4 25. Rxd7+ $14 {[%mdl 4096] Endgame KRR-KRR} Kc6 26. R1d6+ Kc5 27. Rd2 Kc6 28. Ra7 Kb5 29. b3 {[%cal Bb2b3,Bb3b4][%mdl 32]} Kc6 30. Rc2+ Kd5 31. Rd7+ $1 Ke5 32. Rb7 $1 a4 {[#]} 33. b4 $1 (33. Rxb6 axb3 34. Rxb3 Ra4 $16) 33... Rd8 34. Re7+ ({Much less strong is} 34. Rxb6 $6 Re1+ 35. Kb2 Rdd1 $16) ({Don't play} 34. Rxf7 $6 Rd3 $16) 34... Kf5 35. g4+ Kf4 36. Rxf7+ {[%mdl 64] Double Attack} Ke5 37. f4+ Ke6 38. Rxg7 Rxf4 39. Rxh7 Rf3 40. Rh6+ Kf7 41. h4 Rxa3 42. Rc7+ Kg8 43. Rg6+ Kh8 {intending ...Ra1+.} 44. Rxb6 Rg3 45. g5 a3 46. Ra6 Re8 (46... Rb3 $16) 47. Kd2 a2 48. Rca7 Re4 (48... Rb3 $142 49. Rh6+ Kg8 50. Rxa2 Rxb4) 49. Rh6+ ({Not} 49. Rxa2 Rxh4 50. Ra8+ Kg7 $16) 49... Kg8 50. Rxa2 ({White should play} 50. Rg6+ $18 Kf8 51. Rf6+ Kg8 52. Rg6+ Kh8 53. Rh6+ Kg8 54. Ra8+ Kg7 55. Rxa2) 50... Rxb4 $16 51. Ra8+ Kg7 52. Ra7+ Kg8 53. Rg6+ Kh8 54. Rd6 {[%cal Rd6d8]} Rb2+ 55. Kc1 {[%cal Rd6d8]} Rb8 56. Rd4 Rg2 57. Rad7 Ra8 {[%cal Ra8a1]} 58. Rd8+ Rxd8 59. Rxd8+ {KR-KR} Kg7 60. Rd7+ Kg6 61. Rd6+ Kg7 62. Kd1 Rg4 63. Rh6 {Strongly threatening Ke2.} Rg2 64. Ke1 Rh2 65. Kf1 {Threatens to win with h5.} Ra2 66. Rb6 {aiming for h5.} Rh2 67. Rb4 Kg6 68. Kg1 Ra2 69. Rb6+ Kf5 (69... Kh5 $1 $11 {remains equal.}) 70. Rh6 Kg4 71. Kf1 Kf5 $2 {[%mdl 8192] [#] A mistake that costs the game.} (71... Rh2 $16 72. Ke1 Kf4) 72. g6 $1 $18 Kf6 73. h5 Kg7 74. Rh7+ Kg8 75. Rd7 Rh2 76. Rd5 Kg7 77. Kg1 Rh4 78. Rd7+ Kg8 79. Rh7 {White mates.} Ra4 80. Kf2 Ra3 81. Rb7 Rh3 82. Rb5 Kg7 83. Kg2 Rh4 84. Kg3 Rh1 85. Rb7+ Kg8 86. Kg4 Rg1+ 87. Kf5 Rf1+ 88. Kg5 Rf8 89. Rb5 Ra8 90. h6 Rc8 91. h7+ {Weighted Error Value: White=0.09/Black=0.11} 1-0

[Event "Panchenko Memorial-A 2021"]
[Site "Chelyabinsk"]
[Date "2021.09.16"]
[Round "4.7"]
[White "Fedorov, Alexei"]
[Black "Gutenev, Alexander"]
[Result "0-1"]
[WhiteElo "2532"]
[BlackElo "2430"]
[Annotator "TA"]
[PlyCount "84"]
[EventDate "2021.09.13"]
[EventType "swiss"]
[EventCountry "RUS"]
[SourceTitle "playchess.com"]
[Source "ChessBase"]
[SourceQuality "1"]

{[%evp 13,84,26,31,0,47,37,32,33,39,40,65,74,58,53,54,-102,-101,-112,-102,-146,-78,-121,-100,-153,-104,-163,-139,-141,-136,-152,-133,-139,-115,-135,-146,-135,-123,-156,-83,-81,-51,-60,-48,-59,-71,-72,-41,-75,-37,-39,0,0,0,0,0,-76,-76,-75,-75,-75,-77,-75,-74,-266,-261,-239,-250,-355,-355,-355,-355,-350,-347]} 1. e4 c5 2. Nc3 Nc6 3. Nf3 d6 4. d4 cxd4 5. Nxd4 Nf6 6. Bg5 e6 7. Bb5 Bd7 8. Qd3 {is more profitable than 8.Bxc6 at the moment. B62: Sicilian: Richter-Rauzer: 6...e6: Unusual White 7th moves.} (8. Nb3 {seems wilder.} h6 9. Bh4 Rc8 10. f4 a6 11. Be2) 8... Nxd4 9. Bxd7+ Qxd7 10. Qxd4 {White is slightly better.} Be7 11. O-O-O Qc6 12. Bxf6 gxf6 {[#]} 13. Rhe1 $146 ({Predecessor:} 13. Rd3 a6 14. Rhd1 Rc8 15. f4 Qc5 16. f5 Qxd4 17. Rxd4 Rg8 18. g3 Kd7 19. Ne2 {½-½ (92) Zilka,S (2471)-Jurka,M (2309) Czech Republic 2008}) 13... a6 14. Nd5 $2 exd5 $17 15. exd5 {[#]} Qd7 16. Qxf6 {[%cal Rf6h8]} Rf8 (16... Rg8 $142 17. Re3 Kd8) 17. Re3 {[#] Rde1 is the strong threat.} Kd8 $1 18. Qd4 (18. Qh6 $142) 18... Kc7 19. f4 (19. Kb1 $17) 19... Rg8 20. g3 Kb8 21. Rdd3 Bd8 22. Rb3 Re8 23. a4 Rxe3 24. Rxe3 h5 25. h4 a5 (25... b5 $142 26. Rc3 Qa7 27. Qxa7+ Rxa7) 26. Kb1 b6 27. Qh8 Kb7 {And now ...Bxh4! would win.} 28. Qxh5 Bf6 29. c3 Rc8 30. Re4 $1 Rc5 31. Ka2 b5 32. axb5 Rxb5 33. Qf3 Qf5 34. Re2 (34. Qe2 $1 $11 {remains equal.} Rb6 35. Qd3) 34... Qxd5+ 35. Qxd5+ Rxd5 {[%mdl 4096] Endgame KRB-KR} 36. Re8 Rh5 37. g4 Rxh4 38. g5 {[#] Loses the game.} (38. Rf8 $17 {was forced.}) 38... Rh8 $1 $19 39. Re2 Bd8 40. g6 (40. Kb3 {keeps fighting.}) 40... fxg6 41. Re6 Kc6 42. Rxg6 Rf8 {Weighted Error Value: White=0.31/Black=0.15} 0-1

[Event "Panchenko Memorial-A 2021"]
[Site "Chelyabinsk"]
[Date "2021.09.16"]
[Round "4.8"]
[White "Salemgareev, Tagir"]
[Black "Shaposhnikov, Evgeny"]
[Result "1-0"]
[WhiteElo "2463"]
[BlackElo "2529"]
[Annotator "TA"]
[PlyCount "63"]
[EventDate "2021.09.13"]
[EventType "swiss"]
[EventCountry "RUS"]
[SourceTitle "playchess.com"]
[Source "ChessBase"]
[SourceQuality "1"]

{[%evp 13,63,-2,0,0,20,-28,-17,-19,-23,-28,-16,-55,-50,-53,-52,-47,-47,-64,-53,-57,-57,-61,-61,-61,0,0,0,0,0,0,10,1,18,22,154,161,161,170,204,138,490,485,540,534,506,431,416,412,882,868,1700,2407]} 1. d4 Nf6 2. c4 e6 3. Nc3 Bb4 4. e3 d5 5. Bd2 O-O 6. Nf3 b6 7. cxd5 exd5 8. Bd3 {E51: Nimzo-Indian: Rubinstein: 4...0-0 5 Nf3 d5.} c5 9. a3 Bxc3 10. Bxc3 {The position is equal.} c4 11. Bc2 Bg4 12. Qb1 Bxf3 13. gxf3 Nc6 {[#]} 14. O-O $146 ({Predecessor:} 14. Ba4 Ne7 15. Rg1 a5 16. Ke2 Rb8 17. Qe1 Qd6 18. Bc2 Rfe8 19. Qf1 Ng6 20. Kd2 Qxh2 {1-0 (29) Sokolov,I (2623)-Vazquez Igarza,R (2606) Montpellier 2015}) 14... b5 15. b4 g6 16. Kh1 Nh5 17. Rg1 Kh8 18. Qf1 a5 (18... Qd7 $15) 19. bxa5 $11 Nxa5 20. Bb4 Re8 21. Qh3 Nc6 22. Bc5 Qf6 23. Rab1 Nd8 (23... Rab8 $11) 24. Rxb5 $16 Ne6 25. Rb6 Nhg7 26. f4 Qd8 $2 {[%mdl 8192] A mistake that costs the game.} (26... Reb8 $16 {is more resistant.}) 27. f5 $18 gxf5 28. Bxf5 {[%csl Gf5][%cal Rh3h7] [#]} h5 29. Rd6 {[%cal Bb6d6,Bd6d5,Bd5c5][%mdl 32]} Qf6 30. Rxd5 Nxc5 (30... Ng5 $142 31. Qg3 Nxf5) 31. Rxc5 Rxa3 32. Bd7 {Weighted Error Value: White=0.11/Black=0.47} 1-0

[Event "Panchenko Memorial-A 2021"]
[Site "Chelyabinsk"]
[Date "2021.09.16"]
[Round "4.9"]
[White "Aleksandrov, Aleksej"]
[Black "Smirnov, Anton"]
[Result "1-0"]
[WhiteElo "2525"]
[BlackElo "2600"]
[Annotator "TA"]
[PlyCount "195"]
[EventDate "2021.09.13"]
[EventType "swiss"]
[EventCountry "RUS"]
[SourceTitle "playchess.com"]
[Source "ChessBase"]
[SourceQuality "1"]

{[%evp 12,195,28,20,34,21,29,0,0,0,0,0,0,0,0,-37,83,11,17,-10,0,-71,0,-39,-37,-28,-31,-35,-41,-139,-94,-93,0,0,0,0,0,0,27,6,54,0,0,0,179,-30,8,0,0,-76,0,-6,0,0,-36,-14,0,0,0,0,0,0,0,0,23,14,20,20,58,58,69,54,51,0,0,0,0,0,0,0,0,0,0,0,0,0,0,0,0,0,0,0,0,0,0,0,0,0,0,0,0,0,0,0,0,0,0,0,0,0,179,135,386,357,298,195,441,407,321,191,442,422,837,838,754,705,669,541,560,0,577,0,548,452,29965,29966,29982,474,448,440,440,433,440,433,383,293,29946,29948,29944,29942,5963,5185,29961,29967,29967,29965,29967,29966,29963,29964,29963,29962,29973,29976,29976,29976,29976,29977,29978,29977,29979,29979,29979,29979,29981,29979,29979,29980,29980,29981,29982,29981,29980,29981,29989,29990]} 1. c4 Nf6 2. Nc3 e5 3. Nf3 Nc6 4. e4 d6 5. d4 Bg4 6. d5 Nd4 7. Be3 {7.Be2 is the modern continuation.} Nxf3+ {A28: English Opening: Four Knights Variation.} 8. gxf3 Bd7 9. Bd3 g6 {The position is equal.} 10. Qd2 Nh5 11. O-O-O {[#]} Qh4 $146 ({Predecessor:} 11... Be7 12. Ne2 h6 13. Rdg1 Bh4 14. f4 Qe7 15. fxe5 dxe5 16. f4 Bf6 17. fxe5 Qxe5 {1-0 (41) Colas,J (2288)-Oberoi,S (2180) Charlotte 2021}) 12. Ne2 Bg7 13. c5 dxc5 {[#]} (13... O-O $15 {keeps the upper hand.}) 14. Bxc5 (14. Bg5 $1 $16 {[%cal Rg5h4]} Qxf2 15. Rdf1) 14... Bf8 $11 15. Qc3 Bd6 16. Kb1 (16. Qb4 $11) 16... Qf6 ({Black should play} 16... O-O $17) 17. Bxd6 cxd6 18. Qc7 Ke7 19. Bb5 Rhd8 20. Nc3 ({But not} 20. Qxb7 $2 Rab8 $19) (20. Bxd7 $1 $15 Rxd7 21. Qc3) 20... a6 21. Bc6 bxc6 (21... Qxf3 $17 22. Bxb7 Rab8 23. Bxa6 Qxf2) 22. dxc6 {[%mdl 64] And now Nd5+ would win. Pin} Nf4 23. cxd7 Rxd7 24. Qc6 Raa7 25. Rd2 Rdc7 26. Qa4 (26. Qb6 $14) 26... Qe6 27. Rhd1 Rc5 $2 (27... Rc4 $11 {and Black is okay.} 28. Qb3 (28. Rxd6 Rxa4 29. Rxe6+ Nxe6 $11) 28... Rc6) 28. Ka1 $2 (28. Rxd6 $18 Qc4 29. Qa3) 28... Qd7 (28... Qc8 $5 {[%cal Rc5c3]}) 29. Qb4 Rc6 30. a3 (30. Nd5+ $11 {keeps the balance.} Nxd5 31. Rxd5) 30... Rac7 ({Black should try} 30... Rb7 $17 31. Qa5 Qc7 32. Qxc7+ Rbxc7) 31. Ka2 h5 32. Nd5+ $1 Nxd5 33. Rxd5 Qe6 34. f4 a5 35. Qxa5 exf4 36. f3 Rc5 37. Qb6 {[%cal Rb6d6]} Rd7 38. Kb1 Rxd5 39. Rxd5 {[%mdl 4096] Endgame KQR-KQR} Qh3 40. Qf2 Rc7 41. a4 Qd7 42. Qh4+ (42. a5 $14) 42... Ke8 $1 43. Rb5 Rb7 44. Rxb7 (44. Ra5 {keeps more tension.} Ra7 45. Qg5 Rxa5 46. Qxa5 Qh3 47. Qb5+) 44... Qxb7 45. Qxf4 {KQ-KQ} Qb4 46. h4 Qxa4 47. Qxd6 Qb5 48. Qf6 (48. f4 {looks sharper.} Qf1+ 49. Ka2 Qe1 50. f5 gxf5 51. Qc6+) 48... Qb3 49. Kc1 Qd3 50. Qe5+ Kf8 51. Qh8+ (51. Qf6 {seems wilder.} Kg8 52. Qf4 Kf8 53. e5 Qf1+ 54. Kc2) 51... Ke7 52. Qe5+ Kf8 53. Qc5+ (53. f4 {is interesting.} Qe2 54. Qh8+ Ke7 55. Qe5+ Kf8) 53... Ke8 54. Qc8+ (54. b4 {looks sharper.} Qxf3 55. Qe5+ Kf8 56. Qh8+ Ke7 57. Qe5+) 54... Ke7 55. Qc7+ (55. Qc3 {feels hotter.} Qf1+ 56. Kc2 Qf2+ 57. Kb3 Qxh4 58. Qe5+) 55... Ke8 56. Qb8+ Kd7 57. Qb7+ Ke6 58. Qb6+ (58. Qc6+ {keeps more tension.} Ke7 59. Qc7+) 58... Ke7 59. Qa7+ (59. Qc5+ {with more complications.} Ke6 60. Qb6+) 59... Ke6 60. Qa2+ Ke5 $2 {Black is now going downhill.} (60... Kf6 $11 {and Black has nothing to worry.}) 61. Qxf7 $18 Qf1+ $2 {[%mdl 8192]} (61... Qe3+ $16 62. Kc2 Qc5+ 63. Kb3 Qb5+ 64. Kc3 Qc5+ 65. Qc4 Qe3+ 66. Qd3 Qc5+ 67. Kb3 Kf4) 62. Kc2 Qe2+ 63. Kc3 Qe3+ $2 (63... Qe1+ 64. Kb3 Qe3+ 65. Ka4 Qb6 66. Qd5+ Kf4) 64. Kb4 Qd4+ 65. Ka3 (65. Kb5 $142 Qxb2+ 66. Kc6 Qc2+ 67. Kb7) 65... Qe3+ $2 (65... Qd6+ {is a better defense.} 66. b4 Qd3+ 67. Qb3 Qa6+ 68. Kb2 Qd6 69. Qd5+ Qxd5 70. exd5 Kxd5) 66. Ka4 {Strongly threatening Qe7+.} Qd4+ (66... Qb6 $142 67. Qd5+ Kf4) 67. b4 Qd1+ 68. Ka5 Qd8+ 69. Ka6 {Threatens to win with Qd5+!} Qd6+ 70. Ka5 {Qd5+! is the strong threat.} Qd8+ 71. Ka4 Qd1+ 72. Qb3 Qxb3+ (72... Qa1+ $18 73. Kb5 Kf4 74. Qf7+ Kg3 75. Qxg6+ Kxh4) 73. Kxb3 {KP-KP} g5 74. hxg5 (74. b5 $142 Kd6 75. e5+ {[%mdl 64] Promotion} Kxe5 76. b6 Kd6 77. hxg5 h4 78. g6 h3 79. b7) 74... h4 {[#]} 75. b5 $1 {[%cal Bb4b5,Bb5b6,Bb6b7][%mdl 32]} ({Wrong is} 75. f4+ $2 Ke6 $19) 75... h3 76. b6 {Intending b7 and mate.} Kd6 {aiming for ...h2.} 77. b7 Kc7 {Hoping for ...h2.} 78. g6 {White wants to mate with g7.} Kxb7 $2 (78... h2 $18 79. b8=B+ {[%mdl 64] Promotion} Kxb8) 79. g7 h2 80. g8=Q h1=Q {KQ-KQ} 81. Qd5+ Ka7 82. e5 {White mates.} Qb1+ 83. Kc3 Qa1+ 84. Kd2 Qb2+ 85. Ke3 Qc1+ 86. Ke4 Qe1+ 87. Kf5 Qh4 88. e6 Qh5+ 89. Ke4 Qh7+ 90. Qf5 Qb7+ 91. Kf4 Qc7+ 92. Qe5 Qc4+ 93. Kf5 Qd3+ 94. Qe4 Qb5+ 95. Kf6 Qb6 96. Qa4+ Kb7 97. Kf7 Qd6 98. Qd7+ {[%mdl 64] Double Attack.  Weighted Error Value: White=0.24/Black=0.26} 1-0

[Event "Panchenko Memorial-A 2021"]
[Site "Chelyabinsk"]
[Date "2021.09.16"]
[Round "4.10"]
[White "Belyakov, Bogdan"]
[Black "Lobanov, Sergei"]
[Result "1/2-1/2"]
[WhiteElo "2455"]
[BlackElo "2519"]
[Annotator "TA"]
[PlyCount "52"]
[EventDate "2021.09.13"]
[EventType "swiss"]
[EventCountry "RUS"]
[SourceTitle "playchess.com"]
[Source "ChessBase"]
[SourceQuality "1"]

{[%evp 10,52,20,17,35,6,24,12,29,47,59,4,10,0,21,-19,33,23,24,24,18,26,24,19,32,24,54,0,0,-13,0,13,14,12,9,14,15,0,12,16,3,4,0,0,0]} 1. e4 c6 2. d4 d5 3. e5 Bf5 4. Nd2 e6 5. Nb3 Nd7 6. Nf3 Qc7 {B12: Caro-Kann: Advance Variation.} 7. Be2 f6 {[%cal Rf6e5]} 8. O-O fxe5 9. dxe5 Nxe5 {[#]} 10. Nxe5 $146 (10. Nfd4 $14) ({Predecessor:} 10. Nfd4 Bd6 11. g4 Bg6 12. f4 Nc4 13. Nxe6 Qb6+ 14. Nbd4 Bc5 15. Bxc4 Bxd4+ 16. Nxd4 dxc4 {1-0 (25) Zinchenko,Y (2547)-Elizarov,D (2356) Voronezh 2010}) 10... Qxe5 $11 11. Re1 Be4 12. Nd4 (12. g3 {is interesting.} Qf6 13. Bh5+ g6 14. Bd2 Qf7 15. f3) 12... Bc5 ({Black should play} 12... Nf6 $11) 13. Be3 $14 Nf6 {[#]} 14. Nxc6 $1 Qd6 15. Bxc5 Qxc5 16. Nd4 Qb6 17. Bb5+ Kf7 {[#] aiming for ...e5.} 18. Bf1 ({White should try} 18. f3 $14) 18... Rac8 $11 {The position is equal.} ({Avoid the trap} 18... Qxb2 $2 19. Rb1 $18) 19. Re3 e5 ({Wrong is} 19... Qxb2 $2 20. Rb3 $18) (19... Rhd8 {seems wilder.} 20. Rb3 Qc7 21. Bd3 e5 22. Nb5 Qb8) 20. Nf3 Bxf3 ({Reject} 20... Qxb2 21. Ng5+ Kg6 22. Rg3 $16) 21. Rxf3 {And now Qxd5+ would win.} Rhd8 22. Rb3 Qc7 23. Rc3 Qe7 24. Rxc8 Rxc8 25. c3 Qc5 26. Qe2 Re8 {Weighted Error Value: White=0.11/Black=0.10} 1/2-1/2

[Event "Panchenko Memorial-A 2021"]
[Site "Chelyabinsk"]
[Date "2021.09.17"]
[Round "5.1"]
[White "Timofeev, Artyom"]
[Black "Aleksandrov, Aleksej"]
[Result "1/2-1/2"]
[WhiteElo "2583"]
[BlackElo "2525"]
[Annotator "TA"]
[PlyCount "35"]
[EventDate "2021.09.13"]
[EventType "swiss"]
[EventCountry "RUS"]
[SourceTitle "playchess.com"]
[Source "ChessBase"]
[SourceQuality "1"]

{[%evp 9,35,-10,28,29,32,24,35,9,13,3,4,-6,0,-10,-8,-12,-10,-14,-12,-6,0,-14,-24,-20,-7,-6,-8,-18]} 1. Nf3 Nf6 2. d4 d5 3. c3 c6 4. Bg5 Bf5 5. Nbd2 Ne4 6. Nxe4 {D02: 1 d4 d5 2 Nf3 sidelines, including 2...Nf6 3 g3 and 2...Nf6 3 Bf4.} Bxe4 7. e3 Qb6 {[#]} 8. b4 $146 {White is slightly better.} ({Predecessor:} 8. Qb3 e6 9. Be2 Nd7 10. O-O Bd6 11. Nd2 Bg6 12. c4 Qxb3 13. Nxb3 f6 14. Bh4 {½-½ (24) Rausis,I (2565)-Suba,M (2520) Oviedo 1993}) 8... e6 9. Nd2 Bg6 10. Nb3 Bd6 11. Be2 Qc7 12. Bh4 Nd7 13. a4 O-O 14. Bg3 b6 {[%cal Bb7b6,Bb6c5][%mdl 32]} 15. O-O Bxg3 16. hxg3 c5 17. bxc5 bxc5 18. c4 {A rather calm draw.  Weighted Error Value: White=0.07/Black=0.07} 1/2-1/2

[Event "Panchenko Memorial-A 2021"]
[Site "Chelyabinsk"]
[Date "2021.09.17"]
[Round "5.2"]
[White "Lazavik, Denis"]
[Black "Lintchevski, Daniil"]
[Result "1/2-1/2"]
[WhiteElo "2440"]
[BlackElo "2561"]
[Annotator "TA"]
[PlyCount "42"]
[EventDate "2021.09.13"]
[EventType "swiss"]
[EventCountry "RUS"]
[SourceTitle "playchess.com"]
[Source "ChessBase"]
[SourceQuality "1"]

{[%evp 14,42,16,10,33,2,15,16,18,18,16,17,24,8,0,12,18,0,18,17,13,0,0,0,0,0,0,0,0,0,0]} 1. d4 Nf6 2. c4 e6 3. Nf3 d5 4. Nc3 Be7 5. Bg5 O-O 6. e3 h6 7. Bh4 Nbd7 8. Rc1 c5 {seems to push 8...c6 aside. D63: Queen's Gambit Declined: Classical: 7 Rc1.} 9. dxc5 dxc4 10. c6 bxc6 11. Bxc4 Nb6 12. Bd3 c5 13. Qe2 {[#]} Nfd5 $146 {The position is equal.} ({Predecessor:} 13... Bb7 14. O-O Qc7 15. Bg3 Qd7 16. Rfd1 Nbd5 17. Ne5 Qd8 18. Na4 Qa5 19. b3 Rac8 {1-0 (52) Zubov,A (2598)-Yaniuk,V (2227) chess.com INT 2021}) 14. Bxe7 Qxe7 15. O-O Nb4 16. Rfd1 Bb7 17. Bb1 Ba6 18. Qe1 Bb7 19. Qe2 Ba6 20. Qe1 Bb7 21. Qe2 Ba6 {Not much happened in this game.  Weighted Error Value: White=0.05/Black=0.03} 1/2-1/2

[Event "Panchenko Memorial-A 2021"]
[Site "Chelyabinsk"]
[Date "2021.09.17"]
[Round "5.3"]
[White "Drygalov, Sergey"]
[Black "Afanasiev, Nikita"]
[Result "1/2-1/2"]
[WhiteElo "2500"]
[BlackElo "2548"]
[Annotator "TA"]
[PlyCount "35"]
[EventDate "2021.09.13"]
[EventType "swiss"]
[EventCountry "RUS"]
[SourceTitle "playchess.com"]
[Source "ChessBase"]
[SourceQuality "1"]

{[%evp 9,35,8,18,0,0,0,24,31,29,24,28,23,31,39,39,38,41,25,37,34,33,37,38,32,30,28,26,25]} 1. d4 Nf6 2. c4 e6 3. Nf3 d5 4. Nc3 dxc4 5. e4 Bb4 6. Bxc4 {D24: Queen's Gambit Accepted: 3 Nf3 Nf6 4 Nc3.} Nxe4 7. O-O Nf6 8. Qa4+ Nc6 9. Ne5 Rb8 10. d5 exd5 11. Nxc6 bxc6 {[#]} 12. Nxd5 {[%mdl 64] Decoy} Nxd5 13. Qxc6+ {[%mdl 64] Double Attack} Qd7 14. Qxd5 Qxd5 15. Bxd5 {[#]} Bb7 $146 ({Predecessor:} 15... O-O 16. Bf4 Ba5 17. b3 Bg4 18. Rac1 Be2 19. Rfe1 Bb4 20. Rxe2 Rbd8 21. Bc4 c5 {1-0 (51) Kowalski,I (2518)-David,A (2630) Chess.com INT 2019}) 16. Bxb7 Rxb7 17. Be3 Kd7 18. Rac1 {Weighted Error Value: White=0.02/Black=0.04} 1/2-1/2

[Event "Panchenko Memorial-A 2021"]
[Site "Chelyabinsk"]
[Date "2021.09.17"]
[Round "5.4"]
[White "Gutenev, Alexander"]
[Black "Volkov, Sergey"]
[Result "1/2-1/2"]
[WhiteElo "2430"]
[BlackElo "2534"]
[Annotator "TA"]
[PlyCount "107"]
[EventDate "2021.09.13"]
[EventType "swiss"]
[EventCountry "RUS"]
[SourceTitle "playchess.com"]
[Source "ChessBase"]
[SourceQuality "1"]

{[%evp 18,107,0,0,24,1,0,0,0,0,29,26,49,47,143,141,105,91,116,119,113,112,108,106,100,105,111,57,71,58,72,59,77,72,92,80,70,13,12,9,89,3,4,4,58,0,0,0,46,59,88,86,140,140,143,140,140,145,180,179,169,172,181,59,72,48,83,8,81,83,104,58,57,0,86,89,152,96,107,74,100,107,105,100,118,86,97,5,5,0,68,0]} 1. e4 e6 2. d4 d5 3. Nc3 Nf6 4. e5 Nfd7 5. f4 c5 6. Nf3 Nc6 7. Be3 a6 {[%cal Ba7a6,Ba6a5,Ba5a4][%mdl 32]} 8. Qd2 b5 9. Be2 Qb6 10. Nd1 b4 {C11: French: Classical System: 4 e5 and 4 Bg5 dxe4.} 11. O-O a5 12. c3 Be7 {The position is equal. is the legacy move (12...Ba6).} 13. Bf2 {[#]} a4 $146 ({Predecessor:} 13... Ba6 14. Bxa6 Qxa6 15. f5 a4 16. Ng5 h6 17. fxe6 Bxg5 18. exd7+ Kxd7 19. Be3 Raf8 20. dxc5 {1-0 (33) Andriasian,Z (2603)-Meier,G (2639) Chess.com INT 2018}) 14. c4 {Black must now prevent cxd5.} dxc4 15. d5 Na5 (15... exd5 $1 $14 16. Qxd5 Bb7 17. Qxc4 a3) 16. Ne3 $16 Ba6 17. Rac1 a3 18. bxa3 c3 19. Qc2 Bxe2 20. Qxe2 Qa6 21. Qxa6 Rxa6 22. d6 (22. Rb1 $16) 22... Bd8 $14 23. axb4 cxb4 24. a3 $1 {[%cal Ra3b4]} bxa3 25. Rxc3 Nc6 26. Ra1 $1 a2 27. Nc2 (27. Rc2 $1 $14) 27... g5 $11 28. fxg5 O-O {[#]} (28... h6 $11 {remains equal.}) 29. Ra3 (29. Rxc6 $1 $16 Rxc6 30. Rxa2) 29... Rxa3 30. Nxa3 {White wants to play Nc4.} Ndxe5 (30... Ncxe5 $11 31. Nxe5 Nxe5) 31. Nxe5 (31. Rxa2 $14 Nxf3+ 32. gxf3) 31... Nxe5 32. h4 Nd3 (32... f6 {seems wilder.} 33. Rxa2 fxg5 34. hxg5 Bxg5 35. Bd4 Nc6) 33. Rxa2 Nxf2 34. Kxf2 $14 {[%mdl 4096] Endgame KRB-KRN} Bb6+ (34... f6 $142) 35. Ke2 $1 $16 Ra8 {[#] intending ...Bc5.} 36. Rb2 $1 {[%cal Rb2b6]} Bd8 37. Nc4 f6 38. Rb5 fxg5 39. hxg5 Kg7 40. Rb7+ ({Better is} 40. Kf3 $18) 40... Kg6 $14 41. Ne5+ Kf5 {Strongly threatening ...Ra2+.} 42. Nf7 (42. Rb5 $16) 42... e5 (42... Bxg5 $11 {keeps the balance.} 43. Rb5+ e5) 43. Kd3 $16 Ke6 44. Ke4 Ra4+ 45. Kd3 (45. Ke3 $5 {[%cal Rf7d8]} Bb6+ 46. Ke2 $16 (46. Rxb6 Kxf7 47. Rb7+ Ke6 $14)) 45... Ra8 46. g3 ({Much weaker is} 46. Nxd8+ $6 Rxd8 47. Ke4 (47. Rxh7 Rxd6+ 48. Ke3 Rd4 $11) 47... Rxd6 $11) 46... Kd5 {[#]} ({Black should try} 46... Kf5) 47. Ke2 ({White should play} 47. Ke3 $1) 47... Ke6 48. Kf3 Kf5 49. g4+ Ke6 50. Kg3 Kd5 51. Kh4 e4 52. Rb5+ (52. Rd7 $16 Bb6 53. Re7) 52... Ke6 $11 53. Rb7 (53. Rf5 $11) 53... Kd5 $1 $14 54. Rb5+ {Black escapes into a draw.  Weighted Error Value: White=0.21/Black=0.18} (54. Kh5 $14) 1/2-1/2